000
00220 a2200097 4500
001
9678
100
_a
Dr Iqtida Hussain
245
_a
Later Moughats and Urdu Literature
260
_a
_b
FerozSons
_c
090
_c
7708
_d
7708
942
_a
NUST-CAE
_c
M
_c
34387
999
_c
244751
_d
244751